[Event "GER-ch Seniors 65"]
[Site "Hamburg"]
[Date "2018.07.28"]
[Round "8"]
[White "Schaefer, Gerhard"]
[Black "Hallmann, Eberhard"]
[Result "1/2-1/2"]
[WhiteElo "1621"]
[BlackElo "1828"]
[PlyCount "81"]
[EventDate "2018.07.21"]
[EventType "swiss"]
[EventRounds "9"]
[EventCountry "GER"]
[SourceTitle "CBM 186 Extra"]
[Source "ChessBase"]
[SourceDate "2018.08.24"]
[SourceVersion "1"]
[SourceVersionDate "2018.08.24"]
[SourceQuality "1"]

1. d4 Nf6 2. Bf4 d6 3. e3 Nbd7 4. Nf3 Ne4 5. c4 c6 6. Bd3 Ndf6 7. 0-0 Bg4 8. h3 Bd7 9. Qc2 d5 10. Nc3 Nxc3 11. bxc3 Qc8 12. Kh2 dxc4 13. Bxc4 Bf5 14. Bd3 Bxd3 15. Qxd3 Nd5 16. Bg3 e6 17. Rfb1 Nf6 18. c4 Be7 19. Kh1 0-0 20. a4 Rd8 21. Qb3 b6 22. Qc2 Bd6 23. Bh4 Be7 24. a5 Qc7 25. a6 Rac8 26. e4 Nh5 27. Bxe7 Qxe7 28. Qd2 c5 29. d5 exd5 30. exd5 Qd6 31. Re1 Re8 32. Re3 Qd7 33. Ne5 Qd6 34. Qe2 Nf6 35. Re1 Kf8 36. Qb2 h6 37. Qb5 Rcd8 38. g4 g6 39. Nc6 Rxe3 40. Rxe3 Rd7 41. Qb2 1/2-1/2

[Event "GER-ch Seniors 65"]
[Site "Hamburg"]
[Date "2018.07.25"]
[Round "5"]
[White "Geibel, Henning"]
[Black "Schaefer, Gerhard"]
[Result "0-1"]
[WhiteElo "1452"]
[BlackElo "1621"]
[PlyCount "128"]
[EventDate "2018.07.21"]
[EventType "swiss"]
[EventRounds "9"]
[EventCountry "GER"]
[SourceTitle "CBM 186 Extra"]
[Source "ChessBase"]
[SourceDate "2018.08.24"]
[SourceVersion "1"]
[SourceVersionDate "2018.08.24"]
[SourceQuality "1"]

1. e4 c5 2. Nf3 e6 3. Bc4 a6 4. 0-0 b5 5. Be2 Bb7 6. d3 d5 7. e5 Nc6 8. d4 Qb6 9. c3 Nge7 10. dxc5 Qc7 11. Bf4 Ng6 12. Qd2 Bxc5 13. b4 Bb6 14. Re1 0-0 15. Bd3 Nxf4 16. Qxf4 Qe7 17. a4 Na7 18. a5 Bd8 19. Nbd2 Rc8 20. Rac1 Nc6 21. h4 h6 22. Nb3 Nb8 23. Nc5 Rxc5 24. bxc5 Bxa5 25. Qd4 Rc8 26. Ra1 Bd8 27. Rac1 Qxc5 28. Qxc5 Rxc5 29. Nd2 Bxh4 30. Nb3 Rc7 31. g3 Bd8 32. Na5 Bc8 33. Nb3 Nd7 34. Nd4 Nc5 35. Bf1 Ne4 36. Re3 Bd7 37. Kg2 Rc8 38. f3 Nd2 39. Ra1 Nc4 40. Bxc4 bxc4 41. Rxa6 Kf8 42. Ra7 Be8 43. f4 g6 44. g4 Rb8 45. f5 exf5 46. gxf5 gxf5 47. Nxf5 Bb6 48. Rh3 Bxa7 49. Rxh6 Kg8 50. Ne7+ Kf8 51. Nf5 Kg8 52. Ne7+ Kg7 53. Rd6 Rb2+ 54. Kf3 Ba4 55. Nxd5 Bd1+ 56. Ke4 Re2+ 57. Kf5 Bc2+ 58. Kf4 Bb8 59. Rc6 Bxe5+ 60. Kf3 Re4 61. Ne3 Bd3 62. Nf5+ Kh7 63. Nd6 Rh4 64. Nxf7 Rf4+ 0-1

[Event "Heusenstamm Sparkassen op-B 3rd"]
[Site "Heusenstamm"]
[Date "2016.11.27"]
[Round "3"]
[White "Gade, Bernt"]
[Black "Schaefer, Gerhard"]
[Result "1-0"]
[WhiteElo "1259"]
[BlackElo "1648"]
[PlyCount "120"]
[EventDate "2016.11.27"]
[EventType "swiss"]
[EventRounds "7"]
[EventCountry "GER"]
[SourceTitle "EXT 2018"]
[Source "ChessBase"]
[SourceDate "2017.10.13"]
[SourceVersion "1"]
[SourceVersionDate "2017.10.13"]
[SourceQuality "1"]

1. e4 c5 2. Nf3 e6 3. d4 cxd4 4. Nxd4 a6 5. Nc3 Qc7 6. Bd3 Bc5 7. Be3 Nf6 8. 0-0 b5 9. Qe2 Bb7 10. Nb3 Be7 11. f3 d5 12. exd5 Nxd5 13. Nxd5 Bxd5 14. Bd4 0-0 15. f4 Nd7 16. Rae1 Bf6 17. Bxf6 Nxf6 18. f5 Rfe8 19. Qf2 e5 20. c3 Rac8 21. Rd1 Kh8 22. Rfe1 Re7 23. Qh4 Qb6+ 24. Kf1 Qb7 25. Rd2 e4 26. Rde2 Qd7 27. Nd2 Qxf5+ 28. Rf2 Qg4 29. Qxg4 Nxg4 30. Rf4 e3 31. Nf3 Bxf3 32. gxf3 e2+ 33. Rxe2 Rxe2 34. Bxe2 Ne3+ 35. Kf2 Nd5 36. Rxf7 Kg8 37. Rd7 Rc5 38. b4 Rxc3 39. Rxd5 Ra3 40. Rd2 Kf7 41. Bd3 h6 42. Ke2 Ke6 43. Be4 Rc3 44. Rc2 Ra3 45. Kd2 Ke5 46. Kc1 Ra4 47. Rb2 Ra3 48. Kb1 Re3 49. Bb7 Kd4 50. Rc2 g5 51. h3 Re6 52. Kc1 Ke3 53. Rc6 Rxc6+ 54. Bxc6 Kd3 55. Kb2 Kc4 56. a3 Kd3 57. Bb7 Ke3 58. Bxa6 Kxf3 59. Bxb5 Kg2 60. Bd7 h5 1-0

[Event "Heusenstamm Sparkassen op-B 3rd"]
[Site "Heusenstamm"]
[Date "2016.11.27"]
[Round "1"]
[White "Haenselmann, Hendrik"]
[Black "Schaefer, Gerhard"]
[Result "0-1"]
[WhiteElo "1337"]
[BlackElo "1648"]
[PlyCount "120"]
[EventDate "2016.11.27"]
[EventType "swiss"]
[EventRounds "7"]
[EventCountry "GER"]
[SourceTitle "EXT 2018"]
[Source "ChessBase"]
[SourceDate "2017.10.13"]
[SourceVersion "1"]
[SourceVersionDate "2017.10.13"]
[SourceQuality "1"]

1. e4 c5 2. Nf3 e6 3. d4 cxd4 4. Nxd4 a6 5. Nc3 Qc7 6. Be2 Bb4 7. 0-0 Bxc3 8. bxc3 Qxc3 9. Bg5 Qc5 10. Be3 Qc7 11. f4 Nf6 12. Bf3 d6 13. Qd2 Nc6 14. Rae1 0-0 15. Qf2 Bd7 16. Nxc6 Bxc6 17. Bb6 Qe7 18. e5 Nd7 19. Bxc6 bxc6 20. Rd1 d5 21. Be3 c5 22. c3 Rfc8 23. Qg3 f5 24. Rb1 Rab8 25. Bf2 Rb5 26. Qh3 Rcb8 27. Rxb5 Rxb5 28. Bh4 Qf7 29. Bg5 Rb2 30. Rf2 Rb1+ 31. Rf1 Rb8 32. Rf3 h6 33. Bh4 Nf8 34. Bf2 Rb1+ 35. Be1 Rxe1+ 36. Kf2 Ra1 37. Rg3 Rxa2+ 38. Ke1 Kh7 39. Rd3 Qb7 40. Qf3 Qb2 41. Rd1 Qxg2 42. Qxg2 Rxg2 43. Ra1 Rg1+ 44. Kf2 Rxa1 45. Ke3 a5 46. Kd3 Ra2 47. h4 a4 48. h5 c4+ 49. Ke3 a3 50. Kf3 Rh2 51. Kg3 Rxh5 52. Kf3 a2 53. Kg3 Rh1 54. Kg2 Rc1 55. Kf3 Rxc3+ 56. Ke2 a1R 57. Kd2 Rh3 58. Kc2 Ra2+ 59. Kb1 Rg2 60. Kc1 Rh1# 0-1

[Event "Heusenstamm Sparkassen op-B 3rd"]
[Site "Heusenstamm"]
[Date "2016.11.27"]
[Round "2"]
[White "Schaefer, Gerhard"]
[Black "Huebner, Kai"]
[Result "1/2-1/2"]
[WhiteElo "1648"]
[BlackElo "1734"]
[PlyCount "78"]
[EventDate "2016.11.27"]
[EventType "swiss"]
[EventRounds "7"]
[EventCountry "GER"]
[SourceTitle "EXT 2018"]
[Source "ChessBase"]
[SourceDate "2017.10.13"]
[SourceVersion "1"]
[SourceVersionDate "2017.10.13"]
[SourceQuality "1"]

1. d4 f5 2. Nf3 d6 3. c4 g6 4. Nc3 Nf6 5. Qb3 Bg7 6. e3 c6 7. Be2 e6 8. 0-0 d5 9. a4 0-0 10. Bd2 Ne4 11. Rfd1 Nd7 12. cxd5 exd5 13. Be1 Kh8 14. a5 Ndf6 15. Nd2 Qe7 16. Nf1 Qc7 17. f3 Nxc3 18. Qxc3 Nh5 19. Ng3 Nf6 20. b4 Bd7 21. Nf1 Rae8 22. Bg3 Qc8 23. Bd6 Rf7 24. Qc5 a6 25. Bf4 Nh5 26. Bd6 Bh6 27. Be5+ Kg8 28. f4 Nf6 29. Bf3 Ne4 30. Bxe4 fxe4 31. Qc2 Bg4 32. Re1 Bf8 33. Rab1 Qd8 34. h3 Bc8 35. Rb2 Qh4 36. Qf2 Qxf2+ 37. Kxf2 Re6 38. g4 Bd6 39. Bxd6 Rxd6 1/2-1/2

[Event "Eschborn op"]
[Site "Eschborn"]
[Date "2016.09.03"]
[Round "2"]
[White "Graf, Michael"]
[Black "Schaefer, Gerhard"]
[Result "1-0"]
[WhiteElo "1585"]
[BlackElo "1421"]
[PlyCount "31"]
[EventDate "2016.09.02"]
[EventType "swiss"]
[EventRounds "5"]
[EventCountry "GER"]
[SourceTitle "EXT 2018"]
[Source "ChessBase"]
[SourceDate "2017.10.13"]
[SourceVersion "1"]
[SourceVersionDate "2017.10.13"]
[SourceQuality "1"]

1. e4 c5 2. Nf3 Nc6 3. d4 cxd4 4. Nxd4 Nf6 5. Nc3 d6 6. Be2 g6 7. Be3 Bd7 8. f4 e6 9. Qd2 Bg7 10. 0-0-0 a6 11. Nxc6 Bxc6 12. Bf3 Ke7 13. Rhe1 Qc7 14. e5 Ne8 15. exd6+ Qxd6 16. Qf2 1-0

[Event "Bremen-ch Seniors"]
[Site "Bremen"]
[Date "2015.01.10"]
[Round "6"]
[White "Paape, Peter"]
[Black "Schaefer, Gerhard"]
[Result "1-0"]
[WhiteElo "1072"]
[BlackElo "1521"]
[PlyCount "91"]
[EventDate "2015.01.05"]
[EventType "swiss"]
[EventRounds "7"]
[EventCountry "GER"]
[SourceTitle "EXT 2018"]
[Source "ChessBase"]
[SourceDate "2017.10.13"]
[SourceVersion "1"]
[SourceVersionDate "2017.10.13"]
[SourceQuality "1"]

1. d4 Nf6 2. Nf3 e6 3. e3 b6 4. Bd3 c5 5. c3 Bb7 6. Nbd2 d5 7. Qe2 Nc6 8. e4 dxe4 9. Nxe4 cxd4 10. 0-0 Be7 11. c4 h6 12. Bf4 Nb4 13. b3 Nxd3 14. Nxf6+ Bxf6 15. Qxd3 0-0 16. Rfe1 Bxf3 17. Qxf3 Re8 18. Qg4 Kh7 19. Be5 Bxe5 20. Rxe5 Qd6 21. Qe4+ g6 22. Rd1 Rad8 23. Rd3 a6 24. Rh3 Kg7 25. Qf4 Rh8 26. Rd3 f6 27. Re4 Qxf4 28. Rxf4 e5 29. Re4 Rhe8 30. f4 Re6 31. g4 Kf7 32. Kf2 Ke8 33. Kf3 Rc8 34. a4 Rc5 35. f5 gxf5 36. gxf5 Rec6 37. Rdxd4 Rc8 38. b4 R5c6 39. b5 axb5 40. axb5 R6c7 41. Kg4 Kf7 42. Rd6 Rxc4 43. Rxc4 Rxc4+ 44. Kf3 Rf4+ 45. Ke3 Rxf5 46. Rxb6 1-0

[Event "Bremen-ch Seniors"]
[Site "Bremen"]
[Date "2015.01.06"]
[Round "2"]
[White "Seliskar, Henryk"]
[Black "Schaefer, Gerhard"]
[Result "0-1"]
[WhiteElo "1370"]
[BlackElo "1521"]
[PlyCount "98"]
[EventDate "2015.01.05"]
[EventType "swiss"]
[EventRounds "7"]
[EventCountry "GER"]
[SourceTitle "EXT 2018"]
[Source "ChessBase"]
[SourceDate "2017.10.13"]
[SourceVersion "1"]
[SourceVersionDate "2017.10.13"]
[SourceQuality "1"]

1. c4 c5 2. Nc3 Nc6 3. g3 Nf6 4. Bg2 g6 5. Nf3 d6 6. 0-0 Bg7 7. a3 0-0 8. Rb1 a5 9. e3 Bf5 10. d3 Qd7 11. Re1 Rfd8 12. e4 Bg4 13. Qc2 Bxf3 14. Bxf3 Nd4 15. Qd1 e6 16. Bg2 Ne8 17. Bh3 Nc7 18. Kg2 b5 19. Be3 Qc6 20. Kg1 b4 21. Bxd4 Bxd4 22. Ne2 Bg7 23. Qc2 Rab8 24. axb4 axb4 25. Ra1 Ra8 26. Qd2 Ra6 27. Rxa6 Qxa6 28. b3 Qa3 29. Rb1 Ra8 30. Bg2 Qa2 31. Qxa2 Rxa2 32. Nc1 Rc2 33. Kf1 Bd4 34. Ne2 Bf6 35. Bf3 h5 36. Ke1 Ra2 37. Nc1 Rc2 38. Bd1 Rc3 39. Rb2 Rxc1 40. Rc2 Bc3+ 41. Ke2 Rxc2+ 42. Bxc2 e5 43. Ke3 Ne6 44. h4 Nd4 45. Bd1 f5 46. f4 Be1 47. exf5 Nxf5+ 48. Ke4 Bxg3 49. fxe5 Bxe5 0-1

[Event "GER Seniors Derby 06th"]
[Site "Wesel Undeloh"]
[Date "2007.04.15"]
[Round "7.18"]
[White "Timmermann, Helmut"]
[Black "Schaefer, Gerhard"]
[Result "1-0"]
[WhiteElo "1581"]
[BlackElo "1552"]
[PlyCount "47"]
[EventDate "2007.04.12"]
[EventType "swiss"]
[EventRounds "7"]
[EventCountry "GER"]
[SourceTitle "EXT 2022"]
[Source "ChessBase"]
[SourceDate "2021.10.06"]
[SourceVersion "1"]
[SourceVersionDate "2021.10.06"]
[SourceQuality "1"]

1. e4 e5 2. Nf3 Nc6 3. Bb5 Nf6 4. 0-0 d6 5. d4 exd4 6. Nxd4 Bd7 7. Nc3 Nxd4 8. Bxd7+ Nxd7 9. Qxd4 Qf6 10. Qe3 c6 11. Ne2 b6 12. Rb1 g6 13. b3 Qe7 14. Qc3 c5 15. Qxh8 f6 16. Nc3 0-0-0 17. Qg8 Ne5 18. Qd5 Qb7 19. Qxb7+ Kxb7 20. Nd5 Bg7 21. f4 Nc6 22. Bb2 Re8 23. Bxf6 Bxf6 24. Nxf6 1-0

[Event "Verbandsklasse 0405"]
[Site "Halver"]
[Date "2005.02.13"]
[Round "6"]
[White "Hoyer, Thomas"]
[Black "Schaefer, Gerhard"]
[Result "1/2-1/2"]
[WhiteElo "1783"]
[BlackElo "1906"]
[PlyCount "60"]
[EventDate "2004.10.10"]
[EventType "team"]
[EventRounds "9"]
[EventCountry "GER"]
[SourceTitle "EXT 2007"]
[Source "ChessBase"]
[SourceDate "2006.11.23"]
[SourceVersion "1"]
[SourceVersionDate "2006.11.23"]
[SourceQuality "1"]
[WhiteTeam "Halver"]
[BlackTeam "Bergneustadt"]
[WhiteTeamCountry "GER"]
[BlackTeamCountry "GER"]

1. c4 e6 2. e4 d5 3. cxd5 exd5 4. exd5 Qxd5 5. Nc3 Qd8 6. Bc4 Nf6 7. Qb3 Qe7+ 8. Nge2 Nc6 9. 0-0 Ne5 10. d4 Nxc4 11. Qxc4 c6 12. Nf4 Qb4 13. Re1+ Be6 14. Qxb4 Bxb4 15. Nxe6 fxe6 16. Rxe6+ Kf7 17. Re2 Rad8 18. a3 Ba5 19. Be3 Rhe8 20. b4 Bb6 21. Rd1 h6 22. f3 Rxe3 23. Rxe3 Rxd4 24. Rxd4 Bxd4 25. Kf2 b6 26. Ke2 Bxe3 27. Kxe3 Ke6 28. Kd4 g5 29. g3 Nd7 30. Ne4 Ne5 1/2-1/2